| 000 -LEADER |
| fixed length control field |
01366pab a2200169 454500 |
| 008 - FIXED-LENGTH DATA ELEMENTS--GENERAL INFORMATION |
| fixed length control field |
180718b2005 xxu||||| |||| 00| 0 eng d |
| 100 ## - MAIN ENTRY--PERSONAL NAME |
| Personal name |
Miller, Gerald J. et al. |
| 245 ## - TITLE STATEMENT |
| Title |
How financial managers deal with ethical stress |
| 260 ## - PUBLICATION, DISTRIBUTION, ETC. |
| Date of publication, distribution, etc. |
2005 |
| 300 ## - PHYSICAL DESCRIPTION |
| Extent |
p.301-312. |
| 362 ## - DATES OF PUBLICATION AND/OR SEQUENTIAL DESIGNATION |
| Dates of publication and/or sequential designation |
May-Jun |
| 520 ## - SUMMARY, ETC. |
| Summary, etc. |
This article explores the way public-sector financial managers cope with ethical challenges created by undue political pressure and demands for special treatment. A nationwide survey of financial managers revealed that fiscal stress exacerbates ethical pressure for most financial managers, including chief financial officers (CFOs) and those who report to CFOs. Financial managers do not work in an ethical vacuum; they respond to supervisors who encourage ethical action and to coworkers who demonstrate high standards of personal integrity. Supervisors of CFOs who emphasize political responsiveness in employee evaluations can threaten the ethical behavior of CFOs, while timely feedback can mitigate ethical press ure. In turn, CFOS as supervisors can temper the harsh work environment in fiscally stressed times by encouraging ethical action and by giving adequate feedback to those who report to them. - Reproduced. |
| 650 ## - SUBJECT ADDED ENTRY--TOPICAL TERM |
| Topical term or geographic name entry element |
Occupational diseases |
| 650 ## - SUBJECT ADDED ENTRY--TOPICAL TERM |
| Topical term or geographic name entry element |
Financial management |
| 773 ## - HOST ITEM ENTRY |
| Main entry heading |
Public Administration Review |
| 909 ## - |
| -- |
65792 |